| 000 | 00570cam a2200181 4500 | ||
|---|---|---|---|
| 001 | E142525 | ||
| 008 | 010726n2007 000 0 eng u | ||
| 020 | _a9781904388692 | ||
| 035 | _a(Sirsi) u142525 | ||
| 041 | 0 | _aeng | |
| 100 | 1 | _aSpiers, Tony | |
| 245 | _aConstruction (Design and Management) Regulations 2007 : a CPD study pack | ||
| 260 |
_aOxford _bCollege of Estate Management _c2007 |
||
| 490 | _aCollege of Estate Management CPD Study Pack | ||
| 690 | _aBUILT ENVIRONMENT-BUILDING STANDARDS | ||
| 710 |
_aCollege of Estate Management _9400 |
||
| 942 | _n0 | ||
| 999 |
_c107911 _d107911 |
||